000 00609nam a22001937a 4500
999 _c4681
_d4681
003 AR-CdUCM
008 190311b ||||| |||| 00| 0 spa d
040 _aMUNICIPALIDAD PROVINCIAL DEL CUSCO
_cBIBLIOTECA MUNICIPAL DEL CUSCO
082 _a869.508 /
_bM39
245 _aLos Mejores Cuentos Americanos /
260 _aLima :
_bJuan Mejía y Villanueva.
300 _a151 páginas ;
_c17cm
440 _aColección Ediciones Populares
_n8
_914549
500 _aDonación familia Nieto
505 _aContenido : Cuentos
650 _aCuentos latinoamericanos
_911933
942 _2ddc
_cLIBROS
945 _anom